Controlling software projects

Gespeichert in:
Bibliographische Detailangaben
1. Verfasser: Tom Demarco
Format: Buch
Sprache:Undetermined
Veröffentlicht: New Jersey Prentice-Hall comp 1982
Schlagworte:
Tags: Tag hinzufügen
Keine Tags, Fügen Sie den ersten Tag hinzu!
Thư viện lưu trữ: Trung tâm Học liệu Trường Đại học Cần Thơ
LEADER 00475nam a2200169Ia 4500
001 CTU_5129
008 210402s9999 xx 000 0 und d
082 |a 005.12 
082 |b D372 
100 |a Tom Demarco 
245 0 |a Controlling software projects 
245 0 |c Tom Demarco 
260 |a New Jersey 
260 |b Prentice-Hall comp 
260 |c 1982 
650 |a programming languages ( electronic computers ) 
980 |a Trung tâm Học liệu Trường Đại học Cần Thơ